=LDR 00000nam 2200000 4500 =001 INLIS000000000021833 =005 20130612120643 =008 ***********************************Ind** =035 ##$$0010-061300000021833 =041 ##$$a Ind =082 ##$$a 2x3.1 =090 ##$$a 2x3.1, Kho-r =100 ##$$a KOJIM, Ahmad =245 ##$$a Rahasia sepuluh malam, rayakan hidup dengan penuh cinta, Achmad Chodjim =260 ##$$a 2006 $b Jakarta =300 ##$$a 412 hlm, 23 cm =650 ##$$a Rahasia hidup-islam =850 ##$$a NBPNMAT